Спецсообщение Управления войск НКВД охраны тыла Ленинградского фронта командирам частей войск НКВД охраны тыла Ленинградского фр...

RUSMARC
00005385cbm0a2200325#x 450
001abdf7316-c467-4477-9bb9-7af0bb2dfd7c
00520240528094808.0
100##$a20240516j194309##k###0rusy50 ca
1010#$arus
102##$aRU
105##$ay###z########
1222#$ad19430904##
$ad19430905##
2001#$aСпецсообщение Управления войск НКВД охраны тыла Ленинградского фронта командирам частей войск НКВД охраны тыла Ленинградского фронта о необходимости оказания полного содействия местным органам государственной власти и органам военной прокуратуры в установлении и расследовании злодеяний немецко-фашистских захватчиков и их сообщников
$j4/5 сентября 1943 г.
251##$cДокумент
300##$aПодлинник
461#0$12001
$aФ. 255
$1251
$cФонд
$1852
$j255
462#0$12001
$aОп. 12
$1251
$cОпись
$1852
$j12
462#0$12001
$aД. 248
$vЛ. 168-168об.
$1251
$cДело
$1852
$j248
60101$2nlr_sh
$3RU\NLR\AUTH\661383067
$aСССР
$bНародный комиссариат внутренних дел
$xИстория
$z1941 - 1945
$jДокументы и материалы
60102$2nlr_sh
$3RU\NLR\AUTH\661532602
$aЛенинградский фронт
$c1941 - 1945
$jДокументы и материалы
605##$2prlib_sh
$3LIBNET\UAF\0000088514
$aВторая мировая война в архивных документах (Комплекс оцифрованных архивных документов, кино- и фотоматериалов)
$lколлекция
6061#$2nlr_sh
$3RU\NLR\AUTH\66189080
$aВеликая Отечественная война
$z1941 - 1945
$xЗверства немецко-фашистских захватчиков
$yЛенинградская область
$jДокументы и материалы
617##$cЛенинградская область
$2prlib_sh
686##$a63.3(2Рос-4Лен)622,6ю1
$vLBC/M
$2rubbk
686##$a67.401.133ю1
$vLBC/M
$2rubbk
801#0$aRU
$bПБ им. Б.Н. Ельцина
$c20240516
801#1$aRU
$bПБ им. Б.Н. Ельцина
$c20240516
$2rusmarc
801#2$aRU
$bПБ им. Б.Н. Ельцина
$c20240528
$2rusmarc
850##$aЦентральный пограничный архив Федеральной службы безопасности России
852##$aЦПА ФСБ России
$jЛ. 168-168об.
035##$aLIBNET\0001399856
937##$d192154665
$hФедеральное архивное агентство
8564#$uhttp://readingroom.main.prlib.ru/item.aspx?id_node=n192154665&mode=full
Формат отображения